| 000 | 01568nam a22003377a 4500 | ||
|---|---|---|---|
| 999 |
_c29499 _d29470 |
||
| 003 | EG-ScBUE | ||
| 005 | 20210926122603.0 | ||
| 008 | 210925s2004 ua a f b 000 0 ara d | ||
| 017 | _a2004/3383 | ||
| 020 | _a9770191566 | ||
| 040 |
_aEG-ScBUE _bara _erda _cEG-ScBUE _dEG-ScBUE |
||
| 041 | 1 |
_aara _hger |
|
| 082 | 0 | 4 |
_a509 _bش ت ا _222 |
| 100 | 1 |
_aشتاين، توماس جولد، _eمؤلف. |
|
| 245 | 1 | 2 |
_aالمقدمات التاريخية للعلم الحديث : _bمن الإغريق القدماء إلى عصر النهضة / _cتأليف توماس جولد شتاين ؛ تصدير إيزاك أسيموف ؛ ترجمة أحمد حسان عبد الواحد. |
| 264 | 1 |
_a[القاهرة] : _bالهيئة المصرية العامة للكتاب، _c2004. |
|
| 300 |
_a265 صفحة : _bإيضاحيات ؛ _c25 سم. |
||
| 336 |
_2rdacontent _aنص _btxt |
||
| 337 |
_2rdamedia _aبدون وسيط _bn |
||
| 338 |
_2rdacarrier _aمجلد _bnc |
||
| 490 | 0 |
_aمهرجان القراءة للجميع. _aمكتبة الأسرة. _aسلسلة الأعمال العلمية |
|
| 504 | _aيشتمل على إرجاعات ببليوجرافية. | ||
| 541 | _cDonation. | ||
| 546 | _aالنص باللغة العربية وتم ترجمته من اللغة الألمانية. | ||
| 650 | 7 |
_aالعلوم _xتاريخ. _2BUEsh |
|
| 653 | 7 |
_aBUEsh _bGGEN _cSeptember2021 |
|
| 655 | 7 |
_2BUEsh _vReading book _934232 |
|
| 700 | 1 |
_aعبد الواحد، أحمد حسان، _eمترجم. |
|
| 700 | 1 |
_aأسيموف، إيزاك، _eخبير. |
|
| 942 | _2ddc | ||